| 000 | 00617nam a22001817a 4500 | ||
|---|---|---|---|
| 008 | 180906b xxu||||| |||| 00| 0 eng d | ||
| 020 | _a9780333986424 | ||
| 020 | _a0333986423 (pbk.) | ||
| 050 |
_aP40.5.L35 _bW75 2004 |
||
| 100 | _aWright, Sue, 1947- | ||
| 245 |
_aLanguage policy and language planning : _bfrom nationalism to globalisation / _cSue Wright |
||
| 260 |
_aNew York : _bPalgrave Macmillan, _c2004 |
||
| 300 |
_aix, 311 p. ; _c23 cm |
||
| 500 | _aIncludes bibliographical references and index | ||
| 650 |
_aLanguage planning _xHistory |
||
| 650 |
_aLanguage policy _xHistory |
||
| 942 |
_2lcc _cBK |
||
| 999 |
_c53516 _d53516 |
||